[Event "Tehran Behin Cup 2nd"]
[Site "Tehran"]
[Date "2014.11.15"]
[Round "1"]
[White "Javanbakht, Nima"]
[Black "Shaghaghi, Gholamreza"]
[Result "1-0"]
[WhiteElo "2379"]
[BlackElo "1783"]
[PlyCount "59"]
[EventDate "2014.11.15"]
[EventType "swiss"]
[EventRounds "9"]
[EventCountry "IRI"]
[SourceTitle "CBM 163 Extra"]
[Source "ChessBase"]
[SourceDate "2014.12.23"]
[SourceVersion "1"]
[SourceVersionDate "2014.12.23"]
[SourceQuality "1"]

1. d4 Nf6 2. c4 g6 3. Nc3 Bg7 4. e4 d6 5. f3 0-0 6. Be3 c6 7. Bd3 e5 8. d5 Nh5 9. Nge2 f5 10. exf5 gxf5 11. Qd2 f4 12. Bf2 Qg5 13. g4 Bxg4 14. Rg1 Qe7 15. Rxg4 Nf6 16. Bh4 Nbd7 17. 0-0-0 Qf7 18. Bxf6 Nxf6 19. Rg2 Kh8 20. Rdg1 Bh6 21. Ne4 Rfd8 22. Nxf6 Qxf6 23. Nc3 cxd5 24. Nxd5 Qf7 25. Qe1 Rg8 26. Qh4 Rxg2 27. Rxg2 Rg8 28. Rxg8+ Qxg8 29. Qxh6 Qg1+ 30. Kc2 1-0